Most Rose Bowl Victories by School - Statistics

General Stats
  • This quiz has been taken 1,562 times
  • The average score is 19 of 30
Answer Stats
Hint Answer % Correct
23 USC
96%
8 Michigan
94%
2 Oregon
90%
5 UCLA
90%
7 Ohio State
86%
7 Washington
85%
4 Alabama
80%
6 Stanford
79%
2 Texas
79%
3 Wisconsin
76%
1 Penn State
75%
3 Michigan State
74%
2 Cal
72%
2 Iowa
67%
1 Oklahoma
67%
1 Oregon State
66%
1 Washington State
64%
1 Minnesota
63%
1 Arizona State
62%
3 Illinois
62%
1 Notre Dame
59%
1 Purdue
57%
1 Georgia
55%
1 Northwestern
52%
1 Miami
49%
1 TCU
42%
1 Georgia Tech
28%
1 Pittsburgh
18%
1 Harvard
15%
1 Columbia
6%
No matching quizzes found
Score Distribution
Percent of People with Each Score
Percentile by Number Answered
Your Score History
You have not taken this quiz